| 000 | 00381nam a2200181Ia 4500 | ||
|---|---|---|---|
| 005 | 20240823062928.0 | ||
| 008 | 240823s9999||||xx |||||||||||||| ||und|| | ||
| 041 | _aENGLISH | ||
| 082 | _A418 | ||
| 100 | _a"Ramappa,K" | ||
| 245 | 0 | _aIdioms and Phrases | |
| 250 | _a3rd | ||
| 260 | _bM I | ||
| 500 | _aTransfered | ||
| 650 |
_aENG _bEnglish |
||
| 942 | _cBK | ||
| 999 |
_c237046 _d237046 |
||